[Event "Asia-ch 4th"]
[Site "Doha"]
[Date "2003.02.22"]
[Round "1"]
[White "Al Modiahki, Mohamad"]
[Black "Al Sayed, Mohammed"]
[Result "1-0"]
[WhiteElo "2571"]
[BlackElo "2431"]
[Annotator "Oratovsky,M"]
[PlyCount "71"]
[EventDate "2003.02.22"]
[EventType "swiss"]
[EventRounds "9"]
[EventCountry "QAT"]
[SourceTitle "CBM 094"]
[Source "ChessBase"]
[SourceDate "2003.05.26"]
[SourceVersion "1"]
[SourceVersionDate "2003.05.26"]
[SourceQuality "1"]

1. e4 {Atlas,V} c5 2. Nc3 Nc6 3. Nf3 Nf6 4. Bb5 Qc7 5. O-O Nd4 (5... e6 6. Re1
d6 7. d4 cxd4 8. Nd5 exd5 9. exd5+ Be7 10. Nxd4 Nxd5 (10... Bd7 11. dxc6 bxc6
12. Qf3 $16 {[%cal Gc1g5]}) 11. Nxc6 bxc6 12. Qxd5 Bb7 13. Bg5 f6 14. Bf4 Kf8
15. Qc4 $16 {[%csl Rf8] 1-0 Oratovsky,M-Estremera Panos,S/Lisbon 2001/EXT 2002
(26). (25)}) 6. Re1 ({nothing promises quiet} 6. d3 a6 7. Bc4 e6 8. Nxd4 cxd4
9. Ne2 Nxe4 $1 10. dxe4 Qxc4 11. Nxd4 e5 12. Nf5 (12. Nf3 $5) 12... Qxe4 13.
Nd6+ Bxd6 14. Qxd6 f6 15. f4 b5 16. Bd2 Bb7 17. Rf2 Qc6 18. Qxc6 {1/2-1/2
Anand,V-Ivanchuk,V/Moscow 2001/CBM 86 (18).}) 6... Ng4 ({Deserved attention
idea to blockade the centre after} 6... a6 7. Bf1 e5 8. d3 ({white can secure
a comfortable outpost on c4 for the bishop playing} 8. a4 $5 d6 {[%cal Gc8g4]}
9. h3 Be7 (9... Be6 10. Ng5 Be7 11. Nxe6 fxe6 12. Bc4 O-O $13) 10. Bc4 Be6 11.
d3 h6 $13) 8... Be7 9. Bg5 d6 10. Bxf6 Bxf6 11. Nxd4 cxd4 12. Nd5 Qd8 13. c3
dxc3 14. bxc3 Be6 15. Qb3 Rb8 16. a4 O-O 17. a5 Bg5 18. Reb1 f5 $13 {1/2-1/2
Nevednichy,V-Bauer,C/Bled 2002/EXT 2003 (41). (41)}) ({compared to the above
mentioned variations,worse is} 6... e5 $6 7. a4 Be7 8. d3 O-O 9. Bg5 d6 10.
Bxf6 Bxf6 11. Nd5 Qd8 12. c3 Nxf3+ 13. Qxf3 $14 {[%csl Gb5,Gd5] with clear
advantage for white 0-1 Movsesian,S-Smirnov,P/Panormo 2002/CBM 90 ext (39). 
(39)}) 7. g3 Nxf3+ 8. Qxf3 Ne5 9. Qd1 (9. Qh5 $5 {[%cal Gf2f4,Gf4f5] attempt
to create some discoordination between black pieces} g6 10. Nd5 Qd6 11. Qd1 $14
{[%csl Rd6][%cal Gf2f4]}) 9... e6 10. Bf1 Be7 11. b3 O-O 12. Bb2 Nc6 (12... d6
13. d4 cxd4 14. Nb5 Qa5 15. Nxd4 $14 {[%cal Gc2c4]}) 13. Nd5 $1 exd5 14. exd5
Rd8 (14... Re8 15. dxc6 dxc6 16. Qh5 $1 {[%csl Rg8][%cal Gf1c4,Gf1d3]} (16. Bc4
Bf5 17. Qf3 Bg6 18. a4 Bg5 $14) 16... Be6 17. Rxe6 $1 fxe6 18. Bd3 h6 19. Bxg7
$1 $18 {with decisive attack}) 15. Qh5 Bf8 16. Bc4 {[%cal Gd5d6]} d6 17. dxc6
bxc6 18. Bd3 h6 (18... g6 $2 19. Qh4 Bg7 20. Re7 Qa5 21. Bxg7 Kxg7 22. Rxf7+ $1
Kxf7 23. Qxh7+ $18) 19. Re3 $14 {[%cal Ga1e1,Ge3f3]} Qd7 (19... d5 20. Rae1 d4
21. Re8 $5 ({also possible simple} 21. Re5 $14 {[%csl Rc5,Rc6]}) 21... Be6 22.
R8xe6 fxe6 23. Qg6 $36) 20. Rf3 $1 $18 {[%cal Rf3f7] '!' Atlas,V. after this
simple move black finds himself in undefendible position:how to prevent 21.
Rf7? Atlas,V: 'After this move White's threats cannot be parried.'} Rb8 (20...
g6 {(Atlas,V) is elegantly refuted by} 21. Bxg6 $1 fxg6 22. Rxf8+ $3 Kxf8 (
22... Rxf8 23. Qxg6+ $18) 23. Qxh6+ Kf7 24. Qg7+ Ke8 25. Qxg6+ Qf7 26. Re1+ {
, and mate is inevitable.}) 21. Rxf7 $1 Qxf7 ({The text move loses the queen.
Yet, the ending occuring after} 21... Qg4 {Atlas,V} 22. Qxg4 Bxg4 23. Rxa7 {
, is hopeless for Black.}) 22. Bh7+ Kxh7 23. Qxf7 Rb7 24. Qf3 {The rest of the
game is matter of technique. Atlas,V: 'Black has no sufficient compensation
for the queen.'} Re7 25. d4 cxd4 26. Bxd4 Rde8 27. Qd3+ Kh8 28. h4 c5 29. Bc3 (
29. Be3 {(Atlas,V) was another option here.}) 29... Bb7 30. Qf1 {Atlas,V:
'Intending to force the rook exchange after 31.Re1.'} Bf3 31. Qd3 Bb7 32. Qf1
Bf3 33. Re1 Be2 34. Qg2 Re4 35. f4 h5 {Atlas,V: 'Overlooking White's threat.
Anyway, Black's position was lost.'} 36. Be5 {[%csl Re4]} (36. Be5 $1 {[%csl
Re4] Atlas,V: 'A nice game conclusion. Black resigned in view of the line:'}
dxe5 (36... Bf3 {Atlas,V} 37. Qxf3 Rxe1+ 38. Kf2 Rc1 39. Qxh5+) (36... dxe5 37.
Qxe4 $18) 37. Qxe4) 1-0

[Event "Moscow Aeroflot op-A"]
[Site "Moscow"]
[Date "2004.02.19"]
[Round "3"]
[White "Smirin, Ilia"]
[Black "Felgaer, Ruben Alejandro"]
[Result "1/2-1/2"]
[WhiteElo "2670"]
[BlackElo "2554"]
[Annotator "Oratovsky,M"]
[PlyCount "115"]
[EventDate "2004.02.17"]
[EventType "swiss"]
[EventRounds "9"]
[EventCountry "RUS"]
[SourceTitle "CBM 100"]
[Source "ChessBase"]
[SourceDate "2004.06.01"]
[SourceVersion "1"]
[SourceVersionDate "2004.06.01"]
[SourceQuality "1"]

1. e4 {[%mdl 24]} c5 2. Nf3 Nc6 3. Bb5 e6 4. O-O Nge7 5. c3 d5 6. exd5 Nxd5 (
6... Qxd5 7. d4 (7. Re1 Bd7 8. Na3 Ng6 9. Bc4 Qh5 10. d4 Be7 (10... cxd4 11.
Nb5 $14) 11. Be2 Qf5 12. dxc5 Rd8 13. b4 O-O 14. Nc4 Bc8 15. Qb3 Nf4 16. Bxf4
Qxf4 17. Rad1 $16 {1-0 Smirnov,P-Frolyanov,D/Samara 2002/CBM 89 ext (35). (34)}
) (7. Na3 Ng6 8. Re1 Be7 9. d4 cxd4 10. Nxd4 O-O 11. Bc4 Qd7 12. Nac2 Nxd4 13.
Nxd4 Qc7 14. Bb3 {with a typical for the French Tarrasch position, with the
only difference - the black knight is placed on g6 instead of f6 and the king
is castled kingside. White has a litlle edge, but there are no visible
weaknesses in black's position.} a6 15. Qf3 Bf6 16. Be3 Bd7 17. Rad1 Rad8 18.
Bc2 $14 {[%cal Gc2e4] 1/2-1/2 Zarnicki,P-Felgaer,R/Villa Martelli 2002/CBM 89 
(39). (39)}) 7... cxd4 8. c4 Qd6 9. Nxd4 Bd7 10. Nxc6 Nxc6 11. Nc3 a6 12. Ba4
Qxd1 13. Rxd1 Ne5 $11 {0-1 Timman,J-Sveshnikov,E/Wijk aan Zee 1981/MCD (60). 
(60)}) 7. Bxc6+ (7. d4 cxd4 8. Nxd4 (8. cxd4 $5 {with a position similar to
the Caro-Kann Panov system, where black has a few extra tempi.} Be7 9. Nc3 O-O
10. Re1 Bd7 11. Bd3 Rc8 12. Bb1 Re8 13. Ne4 f5 14. Nc3 Nxc3 15. bxc3 Bf6 $132 {
[%cal Ge6e5,Gc6a5,Ga5c4] 1-0 Ricardi,P-Felgaer,R/Buenos Aires 2003/EXT 2004 
(58). (57)}) 8... Bd7 9. Nxc6 bxc6 (9... Bxc6 10. Bxc6+ bxc6 11. c4 Nf6 12. Qf3
Qc7 13. Nc3 Be7 14. Bf4 Qb7 15. b3 $14 {1/2-1/2 Degraeve,J-Milov,V/France 2002/
EXT 2003 (42). (41)}) 10. Bd3 Qc7 11. Nd2 Nf4 12. Nc4 (12. Bc2 $5) 12... Rd8 (
12... Nxd3 13. Qxd3 Be7 14. Qf3 $14 {[%cal Gc1f4]}) 13. Bc2 c5 14. Qg4 Nd5 15.
Re1 Nf6 16. Qh4 Be7 17. Bf4 $16 {1-0 Rowson,J-Kuljasevic,D/Pula 2002/CBM 88
ext (42). (41)}) (7. Ne5 Qc7 8. Qa4 Bd7 9. Nxd7 Qxd7 10. d3 Rc8 11. Nd2 a6 12.
Bxc6 Qxc6 13. Qg4 Nf6 14. Qe2 Be7 $15 {1/2-1/2 Vysochin,S-Sherbakov,R/Minsk
1997/EXT 2000 (14).}) 7... bxc6 8. d3 (8. c4 $5 Nb4 9. d4 cxd4 10. a3 Na6 11.
Nxd4 Bb7 12. b4 c5 13. Qa4+ Qd7 14. Qxd7+ Kxd7 15. Nb5 Be7 (15... cxb4 16. Rd1+
Kc8 17. axb4 Bxb4 18. Be3 $36) 16. Rd1+ Kc6 17. Be3 Rhd8 18. Nd2 {[%cal Gd2b3,
Gb3a5]} Rd3 19. Nf3 Rxd1+ 20. Rxd1 f6 21. Kf1 e5 22. Nd2 Bc8 (22... cxb4 23.
Nb3 {[%csl Rc6][%cal Gb3a5]}) 23. Nb3 $16 {1-0 Sveshnikov,E-Fominyh,A/Samara
2000/CBM 78 (67). (66)}) 8... Be7 9. c4 (9. Na3 O-O 10. Nc4 f6 11. Qe2 e5 $132)
9... Nb4 10. Qa4 Qc7 11. Rd1 O-O 12. a3 Na6 13. Nc3 e5 (13... Rb8 14. Rb1 e5
15. Be3) 14. Be3 f6 15. Nd2 Rb8 16. Nb3 f5 17. f3 {obliged,otherwise black can
push "f" pawn till f3} Bd6 {[%cal Ge5e4]} 18. Kh1 Qe7 19. Rf1 (19. Rd2 Nc7 20.
Na5 Bd7) 19... Nc7 $132 {[%csl Rb3][%cal Gc7e6] Finally the Na6 enters the
game and now the white Nb3 is out of play. Black can be satisfied with the
opening results.} 20. f4 Ne6 21. fxe5 Bxe5 22. Rae1 Qd6 23. Bg1 Nd4 $15 24.
Nxd4 (24. Bxd4 cxd4 25. c5 Qf6 (25... Qc7 26. Nxd4 Bxh2 27. Nxc6 Rxb2 28. Ne7+
Kh8 29. Nxc8 $18 {[%cal Ge1e8]}) 26. Ne2 {[%cal Gb3a5,Ga5c4]} Qh6 27. h3 Be6 $1
28. Nbxd4 Bd5 $40 {[%cal Rh6h3,Rb8b2]}) 24... cxd4 25. c5 $8 (25. Nd1 c5 $17 {
[%csl Rh1][%cal Gc8b7]}) 25... Qxc5 26. b4 Qd6 27. Ne2 Rb7 28. Rc1 Rc7 29. Qa5
Re7 30. Qc5 {White tries to escape in the ending.} Qxc5 31. Rxc5 Ba6 (31... Rd8
32. Rxc6 Bb7 33. Rc4 Ba6 34. Nxd4 Bxc4 35. Nxf5 Rc7 36. dxc4 $132) 32. Bxd4
Bxd3 33. Rxe5 Rxe5 34. Bxe5 Re8 35. Rf3 (35. Rc1 Rxe5 36. Nd4 Be4 $15 {[%cal
Ge5d5,Gd5d2,Gd2g2]}) 35... Be4 36. Re3 Rxe5 37. Kg1 Rd5 ({It deserved attention
} 37... a5 $17 {gaining more space for maneuvres of the black rook.}) 38. Nc3
Rd3 39. Rxd3 Bxd3 40. Kf2 {Now white has more chances to achieve a draw -
white's king is faster.} Kf7 41. Ke3 Bf1 42. g3 Ke6 43. Kd4 g5 44. Na4 Bg2 45.
Nc5+ Kf6 46. Nd3 h5 47. a4 f4 (47... h4 $5) 48. gxf4 g4 49. Ne5 Kf5 50. Ke3 {
Now white is out of danger.} Bd5 51. b5 {Correct! Less material - less
headache for the defending side.} cxb5 52. axb5 h4 53. Kf2 Kxf4 54. Nc6 $11 g3+
(54... a6 55. Nb4 g3+ 56. hxg3+ hxg3+ 57. Kg1 axb5 58. Nxd5+ $11) 55. hxg3+
hxg3+ 56. Kg1 a6 57. Nb4 axb5 58. Nxd5+ 1/2-1/2

[Event "ARM-ch"]
[Site "Yerevan"]
[Date "1999.10.25"]
[Round "10"]
[White "Sargissian, Gabriel"]
[Black "Minasian, Artashes"]
[Result "1-0"]
[WhiteElo "2470"]
[BlackElo "2600"]
[Annotator "Oratovsky,M"]
[PlyCount "73"]
[EventDate "1999.10.16"]
[EventType "tourn"]
[EventRounds "11"]
[EventCountry "ARM"]
[EventCategory "10"]
[SourceTitle "CBM 074"]
[Source "ChessBase"]
[SourceDate "2000.02.01"]
[SourceVersion "1"]
[SourceVersionDate "2000.02.01"]
[SourceQuality "1"]

1. Nf3 c5 2. e4 Nc6 3. Nc3 e5 4. Bc4 d6 5. d3 h6 6. Nd2 a6 (6... Be7 7. Nf1 Bg5
8. Ne3 Nf6 9. Ncd5 Be6 10. Nxf6+ Qxf6 11. Nd5 Bxd5 12. Bxd5 Ne7 13. Bb3 O-O 14.
O-O Rad8 15. Qh5 {1/2-1/2 Kaidanov,G-Granda Zuniga,J/New York 1997/CBM 57 ext 
(15)}) (6... Nf6 7. Nf1 Bg4 8. f3 Be6 9. Ne3 Nd4 (9... Nh5 10. g3 g6 11. Ncd5
Bg7 12. O-O Qd7 13. c3 O-O-O 14. b4 $14 {Csoke,A-Ujhazi,D/Hradec Kralove 1992/
TD 1-0 (30)}) 10. a4 Be7 11. Bd2 Rb8 12. O-O O-O 13. Ncd5 a6 14. a5 Nxd5 15.
Nxd5 Bg5 16. Be1 $14 {Hector,J-Tzermiadianos,A/Isle of Man 1996/EXT 97 1-0 (33)
}) 7. a4 Nf6 8. Nf1 Bg4 (8... g6 9. Ne3 Bg7 10. O-O O-O 11. Bd2 Kh7 12. Rb1 Rb8
13. Kh1 Nh5 14. Ned5 Nd4 15. b4 Qh4 16. Be1 Qg5 17. bxc5 $14 {1/2-1/2 Ashley,
M-Stripunsky,A/New York 1997/EXT 99 (55)}) 9. f3 Be6 10. Ne3 Nb4 $5 {
preventing intering of white pieces on d5} 11. O-O g5 {prevents whites
initiative on the kingside,but weakens light squares} (11... Be7 12. f4 exf4
13. Rxf4 O-O $13) 12. Ne2 {[%cal Gc2c3,Yd3d4]} d5 $8 13. exd5 Nfxd5 14. c3 Nc6
(14... Nxe3 15. Bxe3 Nd5 (15... Bxc4 16. dxc4 Qxd1 17. Raxd1 Nc6 18. Ng3 $14 {
[%cal Gg3f5,Gg3e4,Yd1d5] with visible positional advantage}) 16. Bf2 Be7 17. a5
$14) 15. Ng3 Qd7 16. Nxd5 Bxd5 17. Nh5 Be7 18. Ng7+ Kf8 19. Bxd5 Kxg7 (19...
Qxd5 20. Nf5 Rd8 21. Be3 Qxd3 22. Qxd3 Rxd3 23. Rfd1 Rxd1+ 24. Rxd1 {[%cal
Gd1d7]} Ke8 25. Nxe7 $14 {[%cal Ge3c5]}) 20. Bxc6 ({deserved attention attempt
to keep lightsquare bishop after} 20. Bc4 Na5 21. Ba2 Rad8 22. Qe2 $13) 20...
Qxc6 $11 21. Qe2 Bf6 22. Qe4 Rhd8 23. Be3 Rd5 (23... Qxe4 24. dxe4 Be7 25. Rfd1
{[%cal Gc3c4,Gd1d5]} c4 26. Bb6 $16) 24. h4 Rad8 25. hxg5 hxg5 26. Qg4 $36 Rxd3
(26... Qe6 27. Bxg5 (27. Qxe6 fxe6 $132 {[%csl Rd3]}) 27... Qxg4 28. Bxf6+ Kxf6
29. fxg4+ Kg7 (29... Ke6 $6 30. g5 Rxd3 31. Rf6+ Ke7 32. Raf1 $16 {[%csl Rf7]})
30. Rae1 $14) 27. Bxg5 Kf8 28. Rae1 $16 {Despite of material balance white
stands clearly better-black king can't find safe place on the board} Bxg5 29.
Qxg5 f6 30. Qh6+ Kf7 31. Qh7+ Ke6 ({Doesn't help} 31... Kf8 32. f4 Rd2 33. Qg6
e4 34. Rxe4 Rxb2 35. Rfe1 $18 {[%cal Ge4e7]}) 32. f4 $18 {Now whites attack
become decisive!} Rd2 33. Qh3+ Kd6 34. fxe5+ Kc7 35. exf6 c4 36. f7 R2d3 37.
Qh2+ 1-0

[Event "Moscow Aeroflot op-A"]
[Site "Moscow"]
[Date "2004.02.17"]
[Round "1"]
[White "Vescovi, Giovanni P"]
[Black "Novikov, Stanislav"]
[Result "0-1"]
[WhiteElo "2633"]
[BlackElo "2515"]
[Annotator "Oratovsky,M"]
[PlyCount "80"]
[EventDate "2004.02.17"]
[EventType "swiss"]
[EventRounds "9"]
[EventCountry "RUS"]
[SourceTitle "CBM 100"]
[Source "ChessBase"]
[SourceDate "2004.06.01"]
[SourceVersion "1"]
[SourceVersionDate "2004.06.01"]
[SourceQuality "1"]

1. e4 {[%mdl 8208]} c5 2. Nf3 Nc6 3. Bb5 e6 4. Bxc6 bxc6 5. d3 Ne7 6. Qe2 f6 7.
Nh4 g6 8. f4 Bg7 9. O-O (9. Nf3 O-O 10. Qf2 $5 d6 11. Nc3 e5 $6 (11... h6 $5)
12. fxe5 fxe5 13. Qh4 a5 14. Bh6 Qd7 15. O-O $16 {[%csl Re7,Rg8][%cal Gf3g5]
1-0 Glek,I-Krasenkow,M/Mainz 2002/CBM 89 ext (64). (63)}) (9. e5 O-O 10. Nf3
fxe5 11. fxe5 Nf5 12. c3 c4 $5 13. dxc4 (13. d4 $5 c5 14. Bg5 Qa5 $36) 13... c5
14. O-O Bb7 15. Nbd2 Qc7 $44 {1/2-1/2 Najer,E-Sherbakov,R/Tomsk 2001/CBM 82
ext (15).}) 9... O-O {Here is the critical position of all this line. Black's
best plan is to play h6 and g5, exchanging white's pawn f4, then black can
push all their central pawns not being afraid of creating weaknesses. On the
other hand the plan of Glek with Nf3 and Qf2-h4 looks promising for white.} (
9... d6 10. Nf3 O-O 11. e5 Nf5 12. exd6 Nd4 13. Qf2 Qxd6 14. Nc3 e5 15. Ne4 Qe7
16. Nxd4 cxd4 17. fxe5 fxe5 18. Qe2 Rxf1+ {1/2-1/2 Tkachiev,V-Smirin,I/Biel
2002/CBM 91 (18).}) 10. c4 (10. Nf3 $5 h6 11. Nc3 e5 12. fxe5 fxe5 13. Qf2 g5
$8 (13... d6 14. Qh4 g5 15. Bxg5 $1 hxg5 16. Nxg5 $18) 14. Qxc5 d6 15. Qe3 Ng6
16. Qe1 Rb8 17. Nd2 Nf4 18. Ne2 Rb7 19. Nc4 d5 20. Ne3 dxe4 21. dxe4 Rbf7 $44 {
[%cal Gc8a6]} 22. Ng3 {1/2-1/2 Fressinet,L-Lautier,J/Cannes 2002/CBM 88 (22).})
10... d6 (10... e5 11. f5 d6 12. Nc3 Rb8 13. b3 Bd7 14. Be3 Qa5 15. Bd2 Qc7 16.
Rf2 Rf7 17. Raf1 $14 {1-0 McShane,L-Djukic,N/Dos Hermanas 2003/EXT 2004 (40). 
(39)}) 11. Nc3 h6 (11... Rb8 12. Be3 Rb7 13. Rf2 h6 14. g3 g5 15. Ng2 Ng6 16.
Raf1 Bd7 17. h4 gxf4 18. gxf4 Kh7 19. h5 Nh8 20. f5 exf5 21. exf5 Re8 22. Ne4
Bc8 23. Qg4 Nf7 24. Qg6+ $40 {1-0 Moiseenko,A-Nedev,T/Bled 2002/EXT 2003 (60).
(59)}) 12. Be3 $6 (12. g4 $5 g5 (12... f5 $5 13. Be3 $13 {[%cal Gg1h1,Ga1d1]})
13. Ng2 Ng6 14. f5 exf5 15. gxf5 Ne5 16. Be3 Bd7 17. Bf2 $1 Be8 18. Bg3 Bf7 19.
Ne3 $14 {1-0 Bologan,V-Nataf,I/Cap d'Agde 2002/CBM 92/[Hecht] (68). (67)})
12... g5 13. Nf3 ({After} 13. fxg5 {black has a good choise between} hxg5 (
13... fxg5 $5 {[%csl Gg7]} 14. Rxf8+ Qxf8 15. Rf1 Qe8 16. Nf3 Ng6 {and black
is not worse here. One of black bishops always will be good: Bg7 now or Bc8
after black plays e5 and Be6.}) 14. Nf3 Ng6 {[%cal Ge6e5]}) 13... gxf4 14. Bxf4
e5 15. Bd2 Rb8 16. b3 Ng6 (16... f5 $5 17. exf5 Nxf5 18. Ne4 Rb7 $5 {[%cal
Gb7f7]} (18... Be6 $5) 19. g4 Nd4 (19... Ne7 20. Nh4 $14 {[%csl Rb7,Re7]}) 20.
Nxd4 cxd4 $13) 17. Rf2 f5 {[%cal Gf5f4]} 18. exf5 {Obviously black would be
happy pushing f4!} Bxf5 19. Raf1 Qd7 20. Be3 {Black prepared to play Nf4, so
white could find a more useful move than Be3.} (20. Ne4 $5) (20. Kh1 $5) 20...
Nf4 21. Bxf4 exf4 22. Qd2 Bg4 $132 {The position has opened and the pair of
black bishops obviously is stronger than white's knights. The only problem in
black's position is the pawn f4.} 23. Ne2 Qf5 24. h3 Bh5 25. Kh1 Rbe8 26. Nfg1
Qg5 27. Rxf4 Rxf4 28. Nxf4 Be5 29. Qc1 $4 {A strange move, probably because of
time trouble (a frequent guest in the games of the Brasilian GM!).} ({White
could fight for an advantage after the cold-blooded} 29. g3 $1 {[%cal Gh1h2]}
Rf8 (29... Bxf4 30. Qxf4 Qxf4 31. Rxf4 Kg7 32. d4 $16) 30. Qg2 $16 {[%cal
Gg1f3]}) 29... Qg3 $19 {[%csl Rh2][%cal Ge8f8]} 30. h4 Rf8 31. Ngh3 Bg4 32. d4
Bxh3 33. gxh3 (33. dxe5 Rxf4 $19) 33... Bxf4 34. Rg1 Bxc1 35. Rxg3+ Kf7 36.
dxc5 dxc5 37. Rf3+ Ke7 38. Rg3 Kf7 39. Rf3+ Ke7 40. Rg3 a5 0-1

[Event "Paks Atom Cup GM 2nd"]
[Site "Paks"]
[Date "1997.??.??"]
[Round "3"]
[White "Petronic, Jovan"]
[Black "Gorbatov, Alexej"]
[Result "1-0"]
[WhiteElo "2490"]
[BlackElo "2420"]
[Annotator "Petronic,J"]
[PlyCount "89"]
[EventDate "1997.09.??"]
[EventType "tourn"]
[EventRounds "11"]
[EventCountry "HUN"]
[EventCategory "8"]
[SourceTitle "EXT 2001"]
[Source "ChessBase"]
[SourceDate "2000.11.22"]
[SourceVersion "1"]
[SourceVersionDate "2000.11.22"]
[SourceQuality "1"]

{70/135} 1. e4 c5 2. Nf3 Nc6 3. Bb5 Nd4 4. Nxd4 cxd4 5. O-O (5. c4 {- 19/322})
5... g6 6. c3 $1 Qb6 $146 (6... Bg7) 7. Bc4 Bg7 8. cxd4 Bxd4 (8... Qxd4 9. d3
$16 {@}) 9. Nc3 a6 10. d3 e6 11. Kh1 $5 Ne7 12. f4 O-O (12... d6 $142 13. Qe1
$36) 13. f5 $1 d5 (13... exf5 14. Bg5 $1 Bf6 $1 (14... Qxb2 $2 15. Bxe7 Qxc3 (
15... Re8 16. Nd5 Qxa1 17. Qxa1 Bxa1 18. Rxa1 $18) 16. Rc1 $18) 15. Bxf6 Qxf6
16. exf5 Nxf5 17. g4 Qc6+ 18. Bd5 Ne3 $1 19. Qf3 Qb6 (19... Nxd5 20. Nxd5 $16)
20. Bxf7+ Kg7 $8 21. Qf4 $3 Nxf1 (21... Nxg4 22. Qxg4 Rxf7 23. Rxf7+ Kxf7 24.
Rf1+ Kg7 25. Qf4 $18 Qd8 $140 26. Qe5+ Kh6 27. Rf7 d6 28. Qg7+ Kg5 29. h4+ Kg4
30. Qd4+ Kg3 31. Ne2+ Kh3 32. Rf3#) 22. Rxf1 Qc6+ (22... d6 23. Qf6+ Kh6 24.
g5+ Kh5 25. Qg7 $18) 23. Nd5 (23. Ne4 Qe6 24. Nd6 $16) 23... Qxd5+ 24. Bxd5
Rxf4 25. Rxf4 $16) (13... gxf5 $5 14. Qh5 Bg7 (14... fxe4 15. Bh6 Bg7 16. Bxg7
Kxg7 17. Qg5+ Ng6 18. Qf6+ Kg8 19. Nxe4 Qd8 20. Qd4 f5 21. Nd6 $40) 15. Rf3 $40
) 14. f6 $1 dxc4 15. fxe7 Re8 16. Bg5 $1 $16 (16. dxc4 $5 Rxe7 17. Na4 $1 Qa7 (
17... Qd6 18. c5 $1 Bxc5 19. Nxc5 Qxc5 20. Qd8+ Kg7 21. Bh6+ Kxh6 22. Qf8+ Kg5
23. Rxf7 $18 {Gorbatow,A}) 18. c5 e5 19. Nb6 Rb8 20. Be3 Be6 21. Bxd4 exd4 22.
Qxd4 $16) 16... Qxb2 (16... f6 17. Qf3 $5 cxd3 (17... Rxe7 18. Bxf6 Rf7 19.
Bxd4 $18) 18. Bxf6 Bxf6 (18... Bd7 19. Rad1 Bxf6 20. Qxf6 Qd6 21. Nd5 Bc6 22.
Rxd3 $18) 19. Qxf6 Bd7 20. Rf3 $18) 17. Qf3 $1 f5 18. exf5 gxf5 (18... exf5 $2
19. Qd5+ $18) 19. Ne4 $5 (19. Qg3 Kh8 $8 (19... Kf7 20. Qh4 $18) (19... Bf2 20.
Qe5 Qb6 21. Rxf2 Qxf2 22. Bh6 Rxe7 23. Qf6 Bd7 24. Qg5+ Kh8 $8 25. Qxe7 Qd4 $8
26. Bg5 $18) 20. Rac1 Bxc3 $5 21. Rxc3 Qxc3 22. Bf4 Qg7 23. Be5 Rxe7 $44) 19...
Be5 (19... Bd7 20. Nd6 Bc6 21. Qg3 $18) 20. Rad1 Bd7 21. d4 $1 Bc6 (21... Bxd4
22. Rd2 $1 (22. Rxd4 Qxd4 23. Nf6+ Kg7 (23... Kh8 24. Nxd7 $18) 24. Rd1 Bc6 25.
Qh5 Qxf6 26. Bxf6+ Kxf6 27. Qh6+ Kf7 $8 (27... Kxe7 28. Qg7#) (27... Ke5 28.
Qg7+ Kf4 29. Qg3+ Ke4 30. Re1+ Kd4 31. Qe3+ Kd5 32. Rd1#) 28. Qxh7+ Kf6 $16)
22... Qb6 (22... fxe4 23. Qf7+ Kh8 24. Rxb2 Bxb2 25. Bf6+ Bxf6 26. Qxf6+ Kg8
27. Qg5+ Kh8 28. Rf7 $18) 23. Qg3 Kh8 (23... Bg7 24. Rxd7 $18) 24. Rxd4 $18)
22. dxe5 $138 Bxe4 23. Qg3 Kf7 (23... Qe2 24. Bf6+ Qg4 25. Qxg4+ fxg4 26. Rf4
Bf5 27. Rxc4 Kf7 28. Rd8 b5 29. Rcd4 Rc8 30. Kg1 $18) 24. Rd2 $18 Qb5 25. Qh4
$2 (25. Rd8 c3 26. Re1 Qb2 (26... Rg8 27. Qh4 f4 28. Qh6 Bg6 29. Qf8+ $1 Rxf8
30. exf8=Q#) 27. Bf6 $18) 25... Qxe5 26. Qh5+ Kg8 27. Rd8 Bc6 28. h3 Qg7 (28...
Qg3 29. Rf3 $1) 29. Rfd1 Qf7 30. Qh6 Bd5 31. Bf6 b6 32. Rc1 f4 33. Re1 Raxd8
$138 34. exd8=Q Rxd8 35. Qg5+ Kf8 36. Bxd8 f3 37. Qh6+ Ke8 38. Bh4 fxg2+ 39.
Kg1 Qf3 40. Bf2 c3 41. Qxh7 b5 42. Bh4 Qf8 43. Qc7 Qa3 44. Bf2 Qb4 45. a3 $1
1-0

[Event "RUS-ch"]
[Site "Elista"]
[Date "1996.??.??"]
[Round "4"]
[White "Vasiukov, Evgeni"]
[Black "Dreev, Alexey"]
[Result "0-1"]
[WhiteElo "2505"]
[BlackElo "2645"]
[Annotator "Petursson,M"]
[PlyCount "84"]
[EventDate "1996.10.15"]
[EventType "swiss"]
[EventRounds "11"]
[EventCountry "RUS"]
[SourceTitle "CBM 056"]
[Source "ChessBase"]
[SourceDate "1997.02.01"]
[SourceVersion "1"]
[SourceVersionDate "1997.02.01"]
[SourceQuality "1"]

1. e4 c5 2. Nf3 Nc6 3. Bb5 e6 4. O-O Nge7 5. c4 e5 6. d3 g6 7. Be3 d6 8. a3 Bg7
9. b4 b6 10. Nc3 O-O 11. Nd5 h6 12. Bxc6 Nxc6 13. b5 Ne7 14. Nxe7+ Qxe7 15. Nd2
f5 16. f3 f4 17. Bf2 g5 18. a4 h5 19. Qe2 g4 20. a5 Rb8 21. axb6 axb6 22. Kh1
Qg5 23. Ra7 Kh8 24. Rfa1 Bf6 25. Ra8 Rb7 26. R1a7 Rxa7 27. Rxa7 Rg8 28. Be1 Be6
29. Qf1 g3 30. Kg1 gxh2+ 31. Kxh2 h4 32. Nb1 Qh5 33. Nc3 h3 34. gxh3 Bh4 35.
Bxh4 Qxh4 36. Ne2 Rg6 37. Rb7 Kg8 38. Ng1 Kf8 39. Kh1 Qg3 40. Ra7 $4 (40. Rh7
$13) {[%tqu "En","How do you win immediatly?","It's attack against the White
king.","Is h3 really very well defended?","e6h3","",10]} 40... Bxh3 41. Ra8+
Ke7 42. Nxh3 {[%tqu "En","How do you finish him off?","If White had played Rh7
on move 40 you would not have this winner!","Attack his knight with your rook",
"g6h6","",4]} Rh6 0-1